000 00331nam a22001457a 4500
008 210304b ||||| |||| 00| 0 eng d
020 _a9781269939195
041 _aeng
080 _22nd
_a510
082 _a510
100 _a36
101 _aMAT
245 _aCalculus for Scientists and Engineers
_cBriggs, W
942 _2udc
_cBK
999 _c55713
_d55713